000 00339nam a2200121Ia 4500
008 220217s9999||||xx |||||||||||||| ||und||
082 _a620.105 NAR
100 _aNarang, J.S and Walia, S.K
245 0 _aMechanics of solids
260 _aDhanpat rai publications
_bNew Delhi
_c2013
300 _aIII, 254p.
_b70
650 _aMECHANICS
999 _c184817
_d184817